Creative writing and stylistics, critical and creative approaches/ (Record no. 81846)

MARC details
000 -LEADER
fixed length control field 00861nam a22002657a 4500
003 - CONTROL NUMBER IDENTIFIER
control field URS
005 - DATE AND TIME OF LATEST TRANSACTION
control field 20250204215549.0
008 - FIXED-LENGTH DATA ELEMENTS--GENERAL INFORMATION
fixed length control field 250120b |||||||| |||| 00| 0 eng d
020 ## - INTERNATIONAL STANDARD BOOK NUMBER
International Standard Book Number 978-1-350-37295-5
040 ## - CATALOGING SOURCE
Transcribing agency URS
050 00 - LIBRARY OF CONGRESS CALL NUMBER
Classification number PE1421
Item number .Sco832 2023
100 1# - MAIN ENTRY--PERSONAL NAME
Personal name Scott, Jeremy
Relator term author
245 10 - TITLE STATEMENT
Title Creative writing and stylistics, critical and creative approaches/
Statement of responsibility, etc Scott, Jeremy
250 ## - EDITION STATEMENT
Edition statement Revised and expanded edition.
264 #1 - PUBLICATION, DISTRIBUTION, ETC. (IMPRINT)
Place of publication, distribution, etc New York:
Name of publisher, distributor, etc Bloomsbury Publishing Plc.,
Date of publication, distribution, etc @2023
300 ## - PHYSICAL DESCRIPTION
Extent ix, 283 pages,
Other physical details Illustrations,
Dimensions 23.cm.
336 ## - CONTENT TYPE
Source rdacontent
Content type term text
337 ## - MEDIA TYPE
Source rdamedia
Media type term unmediated
338 ## - CARRIER TYPE
Source rdacarrier
Materials specified volume
504 ## - BIBLIOGRAPHY, ETC. NOTE
Bibliography, etc includes bibliography, index, reference.
650 ## - SUBJECT ADDED ENTRY--TOPICAL TERM
Source of heading or term English Language - Style
650 ## - SUBJECT ADDED ENTRY--TOPICAL TERM
Source of heading or term English Language - Rhetonic
650 ## - SUBJECT ADDED ENTRY--TOPICAL TERM
Source of heading or term English Language - Stylistics
942 ## - ADDED ENTRY ELEMENTS (KOHA)
Source of classification or shelving scheme Library of Congress Classification
Koha item type Foreign Books
Holdings
Withdrawn status Lost status Source of classification or shelving scheme Damaged status Not for loan Home library Current library Shelving location Date acquired Source of acquisition Total Checkouts Full call number Barcode Date last seen Price effective from Koha item type
    Library of Congress Classification     Rodriguez College Library Rodriguez College Library Foreign Section 01/20/2025 Library fund   PE1421 .Sco832 2023 URSROD-5250 01/20/2025 01/20/2025 Foreign Books
    Library of Congress Classification     Rodriguez College Library Rodriguez College Library   01/20/2025     PE1421 .Sco832 2023   01/20/2025 01/20/2025 Foreign Books

University of Rizal System
Email us at univlibservices@urs.edu.ph

Visit our Website www.urs.edu.ph/library